The Andean Exodus: Transnational migration from Bolivia, Ecuador and Perú = La migración transformacional desde Bolivia, Educador y Perú/
Salvato in:
| Altri autori: | , |
|---|---|
| Natura: | Libro |
| Tags: |
Aggiungi Tag
Nessun Tag, puoi essere il primo ad aggiungerne!!
|
MARC
| LEADER | 00000nam a22000007a 4500 | ||
|---|---|---|---|
| 003 | cru CIDCACS/IIS | ||
| 005 | 20180517062533.0 | ||
| 007 | ta | ||
| 008 | 180516t2002 ne |||p|r||| 00| 0 eng|| | ||
| 999 | |c 41416 |d 41416 | ||
| 040 | |c cru CIDCACS/IIS | ||
| 100 | 1 | |9 3269 |a Salman, Ton |e editor | |
| 245 | 1 | 4 | |a The Andean Exodus: |b Transnational migration from Bolivia, Ecuador and Perú = La migración transformacional desde Bolivia, Educador y Perú/ |c Ton Salman and Annelies Zoomers, editores |
| 300 | |a 121 páginas : |b mapas | ||
| 500 | |a Texto en inglés y español | ||
| 700 | 1 | |a Zoomers, Annelies |e editora |9 7200 | |
| 942 | |2 ddc |c PP | ||
| 773 | 0 | |0 19222 |9 2009 |a Centro de Estudios Latinoamericanos y Documentación |d Amsterdam, Países Bajos: Centro de Estudios Latinoamericanos y Documentación |o 18759 |t Cuadernos del Cedla / | |
